00677nam a2200193Ia 4500008004100000020001800041041000800059082001500067100001800082245005100100250001200151260002700163300000800190365001600198700001800214906005700232999001900289952017500308230718s9999 xx 000 0 und d a9788125940005 aeng a604.2bJEY aJeyapoovan T. aEngineering Drawing And Graphics Using AutoCAD a3rd ed. c2012bVikas Publishing a686 cRs.b395.00 aJeyapoovan T. dO:0373913-Feb-2014B:IN 262019-Jan-2014cMECHb493.75 c335324d335324 00104070aCCEPbCCEPd2014-02-13ePradeep Book DistributorsfMECHg296.25iIN 2620l0o604.2pCCEP-BK-46531r2023-07-18 00:00:00t493.75v395.00w2014-01-19yBKz046531